Ampliar, configurar y reparar su PC (Registro nro. 5406)
[ vista simple ]
| 000 -Cabecera | |
|---|---|
| Campo de control de longitud fija | 01113aam a2200445 4500 |
| 005 - Fecha y hora de la última transacción | |
| Campo de control | 20231027094917.0 |
| 008 - Elementos de longitud fija--Información general | |
| Campo de control de longitud fija | 150512b2007 xxu||||| |||| 00| 0 spa d |
| 020 ## - International Standard Book Number | |
| Número Internacional Estándar del Libro (ISBN) | 9789701512524 |
| 041 ## - Idioma | |
| Código de idioma | Español |
| 082 ## - Clasificación Decimal Dewey | |
| Número de clasificación | 621.39 D948a |
| 100 ## - Entrada principal--Autor personal | |
| Nombre personal | Durán Rodríguez, Luis |
| 245 ## - Título propiamente dicho | |
| Título | Ampliar, configurar y reparar su PC |
| 260 ## - Pie de imprenta | |
| Lugar de publicación, distribución, etc. | México |
| 260 ## - Pie de imprenta | |
| Nombre del editor, distribuidor, etc. | Alfaomega |
| 260 ## - Pie de imprenta | |
| Fecha de publicación, distribución, etc. | 2007 |
| 300 ## - Descripción física | |
| Extensión | 624 páginas |
| 650 ## - Materia general | |
| Temática (materia general) | INGENIERÍA INFORMÁTICA |
| 650 ## - Materia general | |
| Temática (materia general) | REPARACIÓN DE COMPUTADORAS PERSONALES |
| 650 ## - Materia general | |
| Temática (materia general) | ACTUALIZACIONES DE EQUIPOS |
| 650 ## - Materia general | |
| Temática (materia general) | HARDWARE |
| 650 ## - Materia general | |
| Temática (materia general) | PROCESADORES |
| 650 ## - Materia general | |
| Temática (materia general) | MEMORIA RAM |
| 650 ## - Materia general | |
| Temática (materia general) | PLACA BASE |
| 650 ## - Materia general | |
| Temática (materia general) | BUSES |
| 650 ## - Materia general | |
| Temática (materia general) | DISCOS DUROS |
| 650 ## - Materia general | |
| Temática (materia general) | SISTEMAS DE ARCHIVOS |
| 650 ## - Materia general | |
| Temática (materia general) | TARJETA GRÁFICA |
| 650 ## - Materia general | |
| Temática (materia general) | SONIDO |
| 650 ## - Materia general | |
| Temática (materia general) | MONITORES |
| 650 ## - Materia general | |
| Temática (materia general) | TECLADO |
| 650 ## - Materia general | |
| Temática (materia general) | IMPRESORAS |
| 650 ## - Materia general | |
| Temática (materia general) | MÓDEMS |
| 650 ## - Materia general | |
| Temática (materia general) | REDES |
| 650 ## - Materia general | |
| Temática (materia general) | AMPLIAR SU PC |
| 650 ## - Materia general | |
| Temática (materia general) | BIOS |
| 650 ## - Materia general | |
| Temática (materia general) | SISTEMAS OPERATIVOS |
| 650 ## - Materia general | |
| Temática (materia general) | WINDOWS XP |
| 942 ## - Punto de acceso adicional KOHA | |
| Tipo de ítem KOHA | Libro |
| Fuente del sistema de clasificación o colocación | Dewey Decimal Classification |
| Signatura completa | Código de barras | Programa Académico | Tipo de ítem |
|---|---|---|---|
| 621.39 D948a | 14364 | Electrónica | Libro |
| 621.39 D948a | 14365 | Electrónica | Libro |